000 00826cam a2200265 4500
001 179513
003 ES-MaACL
005 20230921193624.0
008 111219s2009 sp | |||||||| | spa d
020 _a978-84-92531-09-7
080 _a821.134.2-14"20"
080 _a821.133.1-14"20"
100 1 _aMahop Ma Mahop (
_d1978)
_9148750
245 1 0 _aMonólogo de Adán
_b: (seguido de) La eternidad del relámpago /
_cMahop Ma Mahop.
250 _a1ª ed.
260 _aMadrid :
_bAntígona,
_c2009.
300 _a102 p. ;
_c21 cm.
490 1 _aPoesía ;
_v9
546 _aTexto en español y francés.
740 3 2 _aLa eternidad del relámpago.
830 0 _aPoesía ;
_v9
_9177794
852 _aES-MaACL
_jA-11733
_9186408
_bR.145162
_cDEPO1
_dOlim: N-4738
942 _2udc
_cMONOGRAFIA
999 _c179513
_d179513